[Event "Oberbayerische Jugend-EM 2013/14  U14"]
[Site "Bairawies"]
[Date "2014.03.06"]
[Round "1"]
[White "Kienle, Jan"]
[Black "Litzka, Richard"]
[Result "0-1"]
[BlackElo "1804"]
[WhiteElo "1279"]

1.c4 c5 2.Nc3 Nf6 3.Nf3 d5 4.e3 g6 5.cxd5 Nxd5 6.Bc4 e6 7.O-O Bg7 8.Qb3 Nb6 9.Rd1
Nc6 10.Bb5 Bd7 11.Bxc6 Bxc6 12.Ne1 O-O 13.d3 Qe7 14.Nc2 Rfd8 15.d4 Qh4 16.dxc5 Bxc3
17.Rxd8+ Rxd8 18.Qxc3 Rd1+ 19.Ne1 Nd5 20.Qa5 b6 21.cxb6 axb6 22.g3 bxa5 23.gxh4 Rxe1+
24.Kg2 Nf4+ 25.Kg3 Ne2+   0-1

[Event "Oberbayerische Jugend-EM 2013/14  U14"]
[Site "Bairawies"]
[Date "2014.03.06"]
[Round "1"]
[White "Gauchel, Lorenz"]
[Black "Yaroshenko, Yaroslav"]
[Result "1-0"]
[BlackElo "1257"]
[WhiteElo "1798"]

1.d4 d5 2.Nf3 Nf6 3.c4 c6 4.Nc3 e6 5.Bg5 Bd6 6.e3 Nbd7 7.cxd5 exd5 8.Bd3 O-O 9.O-O
Qc7 10.Qc2 h6 11.Bh4 b6 12.Rfc1 a6 13.Rab1 Bb7 14.b4 Kh8 15.Qe2 Qb8 16.a4 b5 17.Bg3
Re8 18.Nd2 Nb6 19.Nb3 Bxg3 20.hxg3 bxa4 21.Nc5 Qc7 22.N3xa4 Nxa4 23.Nxa4 Ne4 24.Nc5
Nxc5 25.Rxc5 Qe7 26.Ra5 g6 27.Bxa6 Bxa6 28.Rxa6 Rxa6 29.Qxa6 Qe4 30.Rc1 h5 31.Qxc6
Re6 32.Qc5 Kg7 33.b5 Re8 34.b6 Rh8 35.b7 h4 36.Qc8   1-0

[Event "Oberbayerische Jugend-EM 2013/14  U14"]
[Site "Bairawies"]
[Date "2014.03.06"]
[Round "1"]
[White "Schuster, Alexander"]
[Black "von Schlippe, Nikolao"]
[Result "0-1"]
[BlackElo "1751"]
[WhiteElo "1232"]

1.e4 c5 2.Nc3 d6 3.Nf3 Nf6 4.Bc4 Nc6 5.d4 cxd4 6.Nxd4 Bd7 7.Be3 g6 8.h3 Bg7 9.Qf3
Ne5 10.Qe2 Qa5 11.f3 O-O 12.O-O-O Nxc4 13.Qxc4 Rfc8 14.Nb3 Qd8 15.Qd3 Be6 16.Nd4
Bc4 17.Qd2 Qa5 18.Kb1 b5 19.Nb3 Qc7 20.Bd4 a5 21.Qe3 a4 22.Bb6 Qb8 23.Na5 Nd7 24.Nxc4
Bxc3 25.Qxc3 Rxc4   0-1

[Event "Oberbayerische Jugend-EM 2013/14  U14"]
[Site "Bairawies"]
[Date "2014.03.06"]
[Round "1"]
[White "Daoud, Marcel"]
[Black "Russakis, Anthimos"]
[Result "1/2-1/2"]
[BlackElo "1217"]
[WhiteElo "1737"]

1.e4 e6 2.d4 b6 3.Nc3 Bb7 4.Bd3 Bb4 5.Nge2 Nf6 6.a3 Be7 7.O-O d5 8.exd5 Nxd5 9.Ne4
f5 10.N4g3 Bd6 11.Re1 O-O 12.c4 Nf6 13.Bg5 h6 14.Bf4 Nc6 15.Be3 Ng4 16.Qc1 Na5 17.Qc2
Qh4 18.h3 Nxe3 19.fxe3 Bxg3 20.Nxg3 Qxg3 21.b4 Nc6   1/2-1/2

[Event "Oberbayerische Jugend-EM 2013/14  U14"]
[Site "Bairawies"]
[Date "2014.03.06"]
[Round "1"]
[White "Beisenow, Dias"]
[Black "Ott, Josef Sebastian"]
[Result "0-1"]
[BlackElo "1733"]
[WhiteElo "1181"]

1.e4 e5 2.Nf3 Nc6 3.d4 exd4 4.Nxd4 Nf6 5.Nxc6 bxc6 6.Bd3 Bc5 7.Bg5 d6 8.c3 O-O 9.Qf3
Re8 10.Bxf6 Qxf6 11.Qxf6 gxf6 12.O-O Bb7 13.Nd2 Re7 14.Rfe1 Rae8 15.Kf1 Bb6 16.Re2
c5 17.Rae1 Kg7 18.Nf3 Re6 19.Nh4 c4 20.Bc2 Kg8 21.f3 Re5 22.Nf5 Bc8 23.Ba4 Rf8 24.f4
Ra5 25.Ne7+ Kg7 26.b3 cxb3 27.axb3 Ba6 28.c4 Bxc4 29.Nf5+ Kh8 30.bxc4 Rxa4 31.Rc2
Re8 32.Nh6 Kg7 33.Nf5+ Kf8 34.Nh6 Ra3 35.Ng4 Kg7 36.Rce2 Rc3 37.e5 fxe5 38.fxe5 Rxc4
39.h3 Rf4+ 40.Nf2 Rxe5 41.Kg1 Rxf2 42.Rxf2 Rxe1+ 43.Kh2 Bxf2 44.h4 a5 45.g4 a4 46.g5
a3 47.h5 a2 48.h6+ Kg6 49.Kg2 a1=Q 50.Kf3 Re3+ 51.Kf4 Qd4#   0-1

[Event "Oberbayerische Jugend-EM 2013/14  U14"]
[Site "Bairawies"]
[Date "2014.03.06"]
[Round "1"]
[White "Maillinger, Michael"]
[Black "Deppe, Martin"]
[Result "1-0"]
[BlackElo "1066"]
[WhiteElo "1359"]

1.e4 e5 2.Nf3 Nc6 3.d4 d5 4.Nxe5 dxe4 5.Nxc6 bxc6 6.Nc3 Bb4 7.Be3 Nf6 8.g3 Bg4 9.Qd2
c5 10.Bb5+ Kf8 11.a3 Bxc3 12.Qxc3 cxd4 13.Bxd4 Qd5 14.Bc6 Qd8 15.Bxa8 Qxa8 16.Bxf6
gxf6 17.Qxf6 Rg8 18.Qh6+ Rg7 19.Qf4 Qd5 20.Qd2 Qxd2+ 21.Kxd2 f5 22.h3 Rd7+ 23.Ke3
Bf3 24.Rhg1 h5 25.Kf4 Rd2 26.Rac1 Rxf2 27.Rgf1 Rxf1 28.Rxf1 Kf7 29.Kxf5 e3 30.Rxf3
e2 31.Re3   1-0

[Event "Oberbayerische Jugend-EM 2013/14  U14"]
[Site "Bairawies"]
[Date "2014.03.06"]
[Round "1"]
[White "Meier, Jannik"]
[Black "Hashagen, Tim"]
[Result "0-1"]
[BlackElo "1312"]
[WhiteElo "1042"]

1.e4 e6 2.d4 d5 3.exd5 exd5 4.Nc3 Nf6 5.Nf3 Be7 6.Bd2 O-O 7.Bd3 Bg4 8.h3 Bh5 9.O-O
Nc6 10.Be3 Re8 11.Be2 Qd7 12.Nd2 Bxe2 13.Qxe2 Bd6 14.Qf3 Re6 15.Nxd5 Nxd5 16.Qxd5
Bh2+ 17.Kxh2 Qxd5 18.c3 Na5 19.b3 Rae8 20.Rfe1 c5 21.Re2 cxd4 22.cxd4 Nc6 23.Nf3
Re4 24.Rd1 Rc8 25.Rc1 Ree8 26.Ree1 Nb4 27.Bd2 Nd3 28.Rxc8 Rxc8 29.Re2 Qb5   0-1

[Event "Oberbayerische Jugend-EM 2013/14  U14"]
[Site "Bairawies"]
[Date "2014.03.07"]
[Round "2"]
[White "Litzka, Richard"]
[Black "Ott, Josef Sebastian"]
[Result "1-0"]
[BlackElo "1733"]
[WhiteElo "1804"]

1.c4 Nc6 2.Nc3 e5 3.Nf3 f5 4.d4 exd4 5.Nxd4 d6 6.g3 Nf6 7.Bg2 Nxd4 8.Qxd4 Be7 9.O-O
O-O 10.b3 c6 11.Rd1 Be6 12.Bb2 Qc7 13.Rac1 Rfe8 14.Nd5 Bxd5 15.cxd5 c5 16.Qf4 Qd7
17.Bh3 g6 18.e4 Nh5 19.Qf3 Bg5 20.exf5 Bxc1 21.fxg6 Qc7 22.gxh7+ Qxh7 23.Bf5 Qf7
24.Qg4+ Kf8 25.Bg6 Nf6 26.Bxf6 Qxf6 27.Bxe8 Rxe8 28.Rxc1 Qb2 29.Rc4 Re1+ 30.Kg2 Re2
31.Rf4+ Ke7 32.Qg5+ Ke8 33.Qg6+ Kd8 34.Qxd6+   1-0

[Event "Oberbayerische Jugend-EM 2013/14  U14"]
[Site "Bairawies"]
[Date "2014.03.07"]
[Round "2"]
[White "Hashagen, Tim"]
[Black "Gauchel, Lorenz"]
[Result "0-1"]
[BlackElo "1798"]
[WhiteElo "1312"]

1.e4 Nf6 2.e5 Nd5 3.d4 d6 4.c4 Nb6 5.Nf3 Nc6 6.exd6 exd6 7.Bd3 Be7 8.O-O O-O 9.Be3
Bg4 10.Nbd2 Bf6 11.h3 Bh5 12.Be2 Re8 13.Re1 Bg6 14.Nb3 Nb4 15.Rc1 Nxa2 16.Ra1 Nb4
17.Rc1 d5 18.c5 Nc8 19.Qd2 Nc6 20.Bb5 N8e7 21.g4 Be4 22.Ng5 Bxg5 23.Bxg5 f6 24.Bh4
a6 25.Bd3 Bxd3 26.Qxd3 Qd7 27.Bg3 f5 28.Qd1 a5 29.Kg2 a4 30.Na1 Ng6 31.Rxe8+ Rxe8
32.gxf5 Qxf5 33.Qxa4 Qe4+ 34.Kh2 Nxd4 35.Qd1 Nf3+ 36.Kh1 Nfh4+ 37.f3 Nxf3 38.Qc2
Qe6 39.Qg2 Nfh4 40.Bxh4 Nxh4 41.Qg4 Qxg4 42.hxg4 Re2 43.Rc2 Re1+   0-1

[Event "Oberbayerische Jugend-EM 2013/14  U14"]
[Site "Bairawies"]
[Date "2014.03.07"]
[Round "2"]
[White "von Schlippe, Nikolai"]
[Black "Maillinger, Michael"]
[Result "1-0"]
[BlackElo "1359"]
[WhiteElo "1751"]

1.e4 e5 2.Nf3 Nc6 3.Bc4 Bc5 4.O-O Nf6 5.Nc3 d6 6.h3 O-O 7.d3 Nd4 8.Bg5 c6 9.Kh1 Be6
10.Nh2 h6 11.Bh4 Bxc4 12.dxc4 Ne6 13.Ng4 Ng5 14.g3 Nxg4 15.Qxg4 Qc8 16.f4 Qxg4 17.hxg4
Ne6 18.Na4 Be3 19.Be7 Rfe8 20.Bxd6 exf4 21.gxf4 Rad8 22.c5 b5 23.Nc3 Nxc5 24.e5 Nb7
25.Ne4 f6 26.Rae1 Bd4 27.c3 Bb6 28.Kg2 Nxd6 29.Nxd6 Re6 30.c4 a6 31.b4 a5 32.a3 axb4
33.axb4 bxc4 34.Nxc4 Ba7 35.f5 Re7 36.e6 Rd4 37.Na5 Rd6 38.Rd1 Bb8 39.Rxd6 Bxd6 40.Nxc6
Rb7 41.Rd1 Be7 42.Rd7 Rxd7 43.exd7 Kf7 44.d8=Q Bxd8 45.Nxd8+ Ke7 46.Ne6 Kd6 47.Nxg7
Kc6 48.Nh5 Kb5 49.Nxf6 Kxb4 50.Ng8 Kc5 51.Nxh6   1-0

[Event "Oberbayerische Jugend-EM 2013/14  U14"]
[Site "Bairawies"]
[Date "2014.03.07"]
[Round "2"]
[White "Kienle, Jan"]
[Black "Daoud, Marcel"]
[Result "0-1"]
[BlackElo "1737"]
[WhiteElo "1279"]

1.c4 c5 2.Nc3 Nc6 3.Nf3 e6 4.e3 b6 5.d4 cxd4 6.exd4 Bb7 7.Bf4 Nf6 8.a3 Nh5 9.Qd2 Na5
10.Qe3 Nxf4 11.Qxf4 Bxf3 12.Qxf3 Rc8 13.Rd1 Nxc4 14.Bxc4 Rxc4 15.O-O d5 16.Rfe1 Be7
17.Qh3 O-O 18.Qg4 Bxa3 19.bxa3 Rxc3 20.Ra1 Qd6 21.a4 Rfc8 22.g3 R8c4 23.Re5 Qxe5
24.dxe5 Rxg4 25.Rb1 Rxa4 26.Kg2 Ra2 27.Kh3 d4 28.Rb4 d3 29.Rd4 g6 30.f4 d2 31.Rd8+
Kg7 32.f5 gxf5 33.Kh4 Rc1 34.g4 d1=Q 35.Rxd1 Rxd1 36.gxf5 Rg1 37.Kh3 Kh6 38.f6 Rf2
39.Kh4 Rxh2#   0-1

[Event "Oberbayerische Jugend-EM 2013/14  U14"]
[Site "Bairawies"]
[Date "2014.03.07"]
[Round "2"]
[White "Russakis, Anthimos"]
[Black "Schuster, Alexander"]
[Result "1/2-1/2"]
[BlackElo "1232"]
[WhiteElo "1217"]

1.d4 d5 2.Nf3 Bf5 3.e3 Nf6 4.b3 Nbd7 5.Bb2 e6 6.Nbd2 Bd6 7.Ne5 O-O 8.Bd3 Ne4 9.O-O
Qe7 10.a3 Rad8 11.Rc1 Qf6 12.f4 Bxe5 13.fxe5 Qg6 14.Rf4 f6 15.g4 Nxd2 16.Bxf5 exf5
17.Qxd2 fxe5 18.dxe5 c6 19.Qd4 Qe6 20.g5 Rde8 21.Qxa7 Nxe5 22.Qxb7 Qg6 23.h4 Ng4
24.Rcf1 Rxe3 25.Rxf5 Rxf5 26.Rxf5 Re1+ 27.Rf1 Rxf1+ 28.Kxf1 Ne3+ 29.Ke2 Qxc2+ 30.Kxe3
Qxb2 31.Qc8+ Kf7 32.Qf5+ Kg8 33.Qe6+ Kf8 34.Qd6+ Kg8 35.Qd8+ Kf7 36.Qd7+ Kf8 37.Qd8+
Kf7 38.Qd7+ Kg6 39.Qe8+ Kf5   1/2-1/2

[Event "Oberbayerische Jugend-EM 2013/14  U14"]
[Site "Bairawies"]
[Date "2014.03.07"]
[Round "2"]
[White "Yaroshenko, Yaroslav"]
[Black "Meier, Jannik"]
[Result "1/2-1/2"]
[BlackElo "1042"]
[WhiteElo "1257"]

1.d4 d5 2.Nf3 Nf6 3.Bf4 Bf5 4.e3 Nbd7 5.c4 c6 6.Nc3 e6 7.cxd5 exd5 8.Bd3 Bg6 9.Bxg6
fxg6 10.O-O Be7 11.Qd2 O-O 12.Rfe1 Bb4 13.a3 Be7 14.b4 a5 15.b5 Nb6 16.bxc6 bxc6
17.Ne5 Rc8 18.f3 Bd6 19.Qe2 Bxe5 20.Bxe5 Nbd7 21.f4 h5 22.Rac1 Ng4 23.h3 Ngf6 24.Qd3
Qe8 25.Qa6 Qd8 26.Qd3 Qe8 27.Rf1 Nxe5 28.fxe5 Nd7 29.Rxf8+ Qxf8 30.a4 Rb8 31.Ne2
Rb6 32.Qxg6 Qf7 33.Qxf7+ Kxf7 34.Rf1+ Ke6 35.Nf4+ Ke7 36.Nxh5 g5 37.Nf6 Rb3 38.Nxd7
Kxd7 39.Rf7+ Ke6 40.Rf6+ Kd7 41.Rg6 Rxe3 42.Rxg5 Ra3 43.Rg7+ Ke6 44.Rg6+ Kd7 45.Rf6
Rxa4 46.Rf7+ Ke6 47.Rc7 Rxd4 48.Rxc6+ Kd7 49.Ra6 a4 50.g4 Kc7 51.e6 Kd8 52.Ra7 Ke8
53.g5 Re4 54.e7 Rxe7 55.Rxa4 Rd7 56.Rd4 Kf7 57.h4 Kg6 58.Kg2 Kh5 59.Kh3 Rd6 60.Kg3
Rd8 61.Kf4 Kxh4 62.Rd2 Rf8+ 63.Ke5 Kxg5   1/2-1/2

[Event "Oberbayerische Jugend-EM 2013/14  U14"]
[Site "Bairawies"]
[Date "2014.03.07"]
[Round "2"]
[White "Deppe, Martin"]
[Black "Beisenow, Dias"]
[Result "0-1"]
[BlackElo "1181"]
[WhiteElo "1066"]

1.e4 e6 2.d4 d5 3.exd5 exd5 4.Nf3 Bg4 5.Be2 h6 6.Nc3 Bb4 7.O-O Bxc3 8.bxc3 Nf6 9.h3
Bxf3 10.Bxf3 O-O 11.c4 c6 12.cxd5 cxd5 13.Rb1 b6 14.c4 Nc6 15.cxd5 Nxd5 16.Qd2 Rc8
17.Re1 Nce7 18.Bxd5 Nxd5 19.Ba3 Re8 20.Rxe8+ Qxe8 21.Rc1 Rd8 22.Re1 Qa4 23.Bc1 Nf6
24.Rd1 Ne4 25.Qd3 Nc3 26.Rd2 Nxa2 27.Qc2 Qxc2 28.Rxc2 Nxc1 29.Rxc1 Rxd4 30.Rc8+ Kh7
31.Rc7 a5 32.Ra7 f6 33.Ra6 Rd6 34.h4 Kg6 35.g4 f5 36.f3 f4 37.h5+ Kf6 38.Kg2 g5 39.Ra8
Ke5 40.Kf2 Kd4 41.Rc8 a4 42.Ke2 b5 43.Rc1 b4 44.Rb1 Kc5 45.Ra1 Kb5 46.Rd1 Rxd1 47.Kxd1
b3 48.Kc1 a3 49.Kb1 Kc4 50.Ka1 Kc3 51.Kb1 b2 52.Ka2 Kc2 53.Kxa3 b1=Q 54.Ka4 Qb6 55.Ka3
Qa5#   0-1

[Event "Oberbayerische Jugend-EM 2013/14  U14"]
[Site "Bairawies"]
[Date "2014.03.07"]
[Round "3"]
[White "Gauchel, Lorenz"]
[Black "Litzka, Richard"]
[Result "1/2-1/2"]
[BlackElo "1804"]
[WhiteElo "1798"]

1.d4 c5 2.c3 Qa5 3.Nf3 cxd4 4.Nxd4 Nf6 5.Nd2 g6 6.g3 Bg7 7.Bg2 d5 8.O-O O-O 9.Qb3
e5 10.Nc2 Nc6 11.e4 dxe4 12.Nxe4 Nxe4 13.Bxe4 Qc7 14.Nb4 Nxb4 15.Qxb4 Rb8 16.a4 Bh3
17.Rd1 Rfd8 18.Be3 Rxd1+ 19.Rxd1 Rd8 20.Rxd8+ Qxd8 21.Qb3 b6 22.Bd5 Qf6 23.Bg2 Bxg2
24.Kxg2 Qc6+ 25.Kg1 Qe4 26.a5 Qb1+ 27.Kg2 Qe4+ 28.Kg1 Qb1+   1/2-1/2

[Event "Oberbayerische Jugend-EM 2013/14  U14"]
[Site "Bairawies"]
[Date "2014.03.07"]
[Round "3"]
[White "Daoud, Marcel"]
[Black "von Schlippe, Nikolai"]
[Result "1/2-1/2"]
[BlackElo "1751"]
[WhiteElo "1737"]

1.e4 c5 2.Nf3 d6 3.d4 cxd4 4.Nxd4 Nf6 5.Nc3 Nc6 6.f3 g6 7.Be3 Bg7 8.Qd2 O-O 9.O-O-O
Bd7 10.g4 Qa5 11.Bh6 Nxd4 12.Bxg7 Nb3+ 13.axb3 Kxg7 14.h4 Kg8 15.h5 Be6 16.Bc4 Bxc4
17.bxc4 Rfc8 18.hxg6 fxg6 19.g5 Nh5 20.Qd5+ Qxd5 21.Nxd5 Kf7 22.b3 Rc5 23.Kb2 Rac8
24.Rh2 Ke6 25.f4 Rf8 26.Rh4 Rf7 27.Ra1 a6 28.Ra4 Kd7 29.f5 Ng3 30.Rb4 b5 31.cxb5
axb5 32.fxg6 hxg6 33.Rg4 Nxe4 34.Nxe7 Nxg5 35.Nxg6 Rf2 36.Ka3 Rfxc2 37.Nf4 Nf3 38.Rg7+
Kc6 39.Ne6 R5c3 40.Nd8+ Kc5 41.Rc7+   1/2-1/2

[Event "Oberbayerische Jugend-EM 2013/14  U14"]
[Site "Bairawies"]
[Date "2014.03.07"]
[Round "3"]
[White "Ott, Josef Sebastian"]
[Black "Hashagen, Tim"]
[Result "0-1"]
[BlackElo "1312"]
[WhiteElo "1733"]

1.e4 e6 2.d4 d5 3.Nc3 Nf6 4.e5 Nfd7 5.Nce2 c5 6.c3 Nc6 7.f4 Be7 8.Nf3 O-O 9.g3 b6
10.Bh3 Bb7 11.O-O cxd4 12.cxd4 f5 13.exf6 Rxf6 14.Nc3 Bb4 15.Re1 Nf8 16.Ng5 Nxd4
17.Be3 Nf5 18.Bxf5 Rxf5 19.Bd4 Qd6 20.Qg4 g6 21.Qh3 h5 22.Re3 Bc5 23.Rd1 Bxd4 24.Rxd4
Qc5 25.Nf3 Re8 26.b4 Qc6 27.Ne5 Qc7 28.g4 hxg4 29.Qxg4 Re7 30.Kf2 Rg7 31.h4 a6 32.Ke2
b5 33.Kd2 Qb6 34.Kd3 a5 35.bxa5 Qxa5 36.Qe2 b4 37.Qc2 bxc3 38.Qxc3 Qxa2 39.Re2 Ba6+
40.Nc4 Bxc4+ 41.Rxc4 Qxc4+ 42.Qxc4 dxc4+   0-1

[Event "Oberbayerische Jugend-EM 2013/14  U14"]
[Site "Bairawies"]
[Date "2014.03.07"]
[Round "3"]
[White "Maillinger, Michael"]
[Black "Russakis, Anthimos"]
[Result "1-0"]
[BlackElo "1217"]
[WhiteElo "1359"]

1.e4 Nf6 2.Nc3 e6 3.Nf3 d5 4.exd5 exd5 5.d4 b6 6.Bd3 Bb7 7.O-O Be7 8.Re1 O-O 9.Qe2
Bd6 10.Bg5 Nbd7 11.Bf5 Re8 12.Qxe8+ Qxe8 13.Rxe8+ Rxe8 14.Re1 Rxe1+ 15.Nxe1 h6 16.Be3
c5 17.Bxd7 Nxd7 18.Nb5 Bb8 19.dxc5 Nxc5 20.Bxc5 bxc5 21.Nd3 Ba6 22.a4 Bxb5 23.axb5
Bd6 24.c3 Kf8 25.g3 f5 26.Kf1 g6 27.Ke2 Ke7 28.b3 g5 29.Ke3 Ke6 30.f4 g4 31.Nb2 h5
32.Na4 Kf6 33.b6 axb6 34.Nxb6 Ke6 35.Kd3 Bc7 36.Na4 Bd6 37.Nb2 Be7 38.Nd1 Bd6 39.Ne3
Be7 40.Nc2 Bd6 41.b4 Be7 42.b5 Bd8 43.c4 Bb6 44.cxd5+ Kxd5 45.Ne3+ Ke6 46.Kc4 Kf7
47.Nxf5 Ke6 48.Ne3 Ba7 49.Nd5 Kd6 50.b6 Bb8 51.f5 Kc6 52.f6 Bd6 53.f7 Kb7 54.Nf6
Kc8 55.Nh7 Kb7 56.f8=Q Bxf8 57.Nxf8 Kxb6 58.Nd7+ Kc6 59.Nxc5 Kd6 60.Kd4 Ke7 61.Ke5
Kf7 62.Kf5 Ke7 63.Kg5 Kd6 64.Kxh5 Kxc5 65.Kxg4 Kd6 66.Kg5 Ke7 67.Kg6 Kf8 68.Kh7 Kf7
69.h4 Kf6 70.h5 Kf7 71.h6 Kf8 72.g4 Kf7 73.g5   1-0

[Event "Oberbayerische Jugend-EM 2013/14  U14"]
[Site "Bairawies"]
[Date "2014.03.07"]
[Round "3"]
[White "Beisenov, Dias"]
[Black "Yaroshenko, Yaroslav"]
[Result "0-1"]
[BlackElo "1257"]
[WhiteElo "1181"]

1.e4 e5 2.Nf3 Nc6 3.d4 exd4 4.Nxd4 d6 5.Bb5 Bd7 6.Bxc6 bxc6 7.Nc3 Nf6 8.Bg5 Be7 9.h3
O-O 10.O-O Nxe4 11.Bxe7 Qxe7 12.Qe2 d5 13.Nb3 Qg5 14.Nxe4 dxe4 15.Qxe4 Rfe8 16.Qf3
Rac8 17.Rfe1 Re6 18.Rxe6 Bxe6 19.Qxc6 Bd5 20.Qxd5 Qxd5 21.Rc1 h6 22.f3 Qg5 23.Re1
Rd8 24.Re4 Qg3 25.Rd4 Rxd4 26.Nxd4 Qe1+ 27.Kh2 Qe5+ 28.Kh1 Qxd4 29.c3 Qd2 30.b4 Kf8
31.c4 Qxb4 32.a3 Qb2 33.a4 Ke7 34.a5 Kf6 35.Kh2 Kg5 36.a6 Kh4 37.f4 Qf2 38.c5 Qxf4+
39.g3+ Qxg3+ 40.Kh1 Qf3+ 41.Kg1 Qe2 42.c6 Kg3 43.h4 Qe1#   0-1

[Event "Oberbayerische Jugend-EM 2013/14  U14"]
[Site "Bairawies"]
[Date "2014.03.07"]
[Round "3"]
[White "Schuster, Alexander"]
[Black "Meier, Jannik"]
[Result "1-0"]
[BlackElo "1042"]
[WhiteElo "1232"]

1.e4 c6 2.Nc3 d5 3.f3 d4 4.Na4 e5 5.Qe2 b5 6.Qd3 bxa4 7.c3 Ba6 8.Qc2 Bxf1 9.Kxf1 Qa5
10.Ne2 Qa6 11.Kf2 d3 12.Qd1 dxe2 13.Qxe2 Bc5+ 14.Ke1 Qxe2+ 15.Kxe2 Ne7 16.Rd1 Bb6
17.d4 exd4 18.cxd4 c5 19.Be3 Nd7 20.Rac1 cxd4 21.Bxd4 Bxd4 22.Rxd4 Rb8 23.Rxa4 Rxb2+
24.Kf1 Rb7 25.Rc3 O-O 26.Rb3 Rxb3 27.axb3 Ra8 28.Rd4 Nc5 29.b4 Ne6 30.Rd7 Nc6 31.b5
Ne5 32.Rd5 Ng6 33.g3 Rb8 34.Rd7 Rxb5 35.Rxa7 Kf8 36.f4 Nd4 37.Ra8+ Ke7 38.Ra7+ Kf6
39.Ra6+ Ke7 40.Ra7+ Kd6 41.Rxf7 Rb1+ 42.Kf2 Rb2+ 43.Kg1 Nf3+ 44.Kf1 Nxh2+ 45.Ke1
Kc5 46.e5 Kd4 47.e6 Ke3 48.Kd1 Kd3 49.Rd7+ Ke3 50.f5 Ne5 51.Rxg7 Rd2+ 52.Kc1 Nd3+
53.Kb1 Rd1+ 54.Kc2 Rc1+ 55.Kb3 Nc5+ 56.Kb4 Kd4 57.e7 Rb1+ 58.Ka5 Rb7 59.f6 Ne6 60.Rxh7
Ke5 61.e8=Q Rxh7 62.f7 Kf6 63.f8=Q+ Nxf8 64.Qxf8+ Rf7 65.Qh8+ Ke7 66.Qxh2 Rf5+ 67.Kb4
Ke6 68.g4 Rg5 69.Qh6+   1-0

[Event "Oberbayerische Jugend-EM 2013/14  U14"]
[Site "Bairawies"]
[Date "2014.03.07"]
[Round "3"]
[White "Deppe, Martin"]
[Black "Kienle, Jan"]
[Result "1/2-1/2"]
[BlackElo "1279"]
[WhiteElo "1066"]

1.e4 c6 2.d4 d5 3.exd5 cxd5 4.Bb5+ Bd7 5.Bxd7+ Nxd7 6.Nf3 e6 7.Nc3 Bb4 8.Bd2 Ngf6
9.O-O O-O 10.Ne5 Bd6 11.Bg5 Bxe5 12.dxe5 Nxe5 13.f4 Nc4 14.f5 h6 15.Bxf6 Qxf6 16.fxe6
Qxe6 17.Qxd5 Qxd5 18.Nxd5 Rfd8 19.Ne7+ Kf8   1/2-1/2

[Event "Oberbayerische Jugend-EM 2013/14  U14"]
[Site "Bairawies"]
[Date "2014.03.08"]
[Round "4"]
[White "von Schlippe, Nikolai"]
[Black "Gauchel, Lorenz"]
[Result "0-1"]
[BlackElo "1798"]
[WhiteElo "1751"]

1.e4 Nf6 2.Nc3 d5 3.e5 Nfd7 4.Nxd5 Nxe5 5.Ne3 c5 6.Nf3 Ng6 7.b3 Nc6 8.Bb2 e5 9.Bb5
Bd6 10.Bxc6+ bxc6 11.d3 O-O 12.O-O f6 13.Nd2 f5 14.Re1 Re8 15.Qf3 Qc7 16.Nec4 Bd7
17.h3 Re7 18.Qe3 Rae8 19.Nxd6 Qxd6 20.Ba3 Nf4 21.Bxc5 Qg6 22.Qg3 Re6 23.Bxa7 Qh6
24.Be3 c5 25.Nf3 Bc6 26.Bxf4 exf4 27.Rxe6 Rxe6 28.Qg5 Qxg5 29.Nxg5 Rg6 30.h4 h6 31.Nh3
Rxg2+ 32.Kf1 Rg4 33.a4 $4 Bg2+ 34.Ke2 Bxh3 35.a5 Bg2 36.a6 Ba8 37.h5 f3+ 38.Ke3 f4+
39.Kd2 Rg2 40.Rf1 Rg5 41.Re1 Kf7 42.a7 Rxh5 43.Re4 Rf5 44.Ke1 g5 45.Kf1 Rf6 46.Rc4
Ra6 47.Kg1 Rxa7 48.Rxc5 Ke6 49.Rc8 Ra1+ 50.Kh2 Kf5 51.Rf8+ Kg4 52.c4 Ra2 53.Kg1 Kh3
  0-1

[Event "Oberbayerische Jugend-EM 2013/14  U14"]
[Site "Bairawies"]
[Date "2014.03.08"]
[Round "4"]
[White "Litzka, Richard"]
[Black "Maillinger, Michael"]
[Result "1-0"]
[BlackElo "1359"]
[WhiteElo "1804"]

1.c4 Nf6 2.Nc3 c6 3.g3 d5 4.cxd5 cxd5 5.d4 Nc6 6.Bg2 e6 7.Nf3 Bd6 8.O-O h6 9.Re1 O-O
10.e3 Re8 11.a3 a6 12.b4 b5 13.Bb2 Bb7 14.Nd2 Rc8 15.Nb3 Nd7 16.Nc5 Rb8 17.Rc1 Nb6
18.Nxb7 Rxb7 19.Bf1 Nc4 20.Bxc4 bxc4 21.Ba1 Na7 22.e4 Nb5 23.exd5 Nxc3 24.Bxc3 exd5
25.Qa4 Rxe1+ 26.Rxe1 Qd7 27.Qxd7 Rxd7 28.Re8+ Bf8 29.Ra8 Rd6 30.b5 f5 31.Rxf8+ Kxf8
32.Bb4 Ke7 33.bxa6 c3 34.a7 c2 35.a8=Q c1=Q+ 36.Kg2 Kd7 37.Qb7+ Qc7 38.Qxc7+ Kxc7
39.Bxd6+ Kxd6 40.Kf3 g5 41.Ke3 Kc6 42.Kd3 Kb5 43.Kc3 Ka4 44.Kb2 g4 45.Ka2 Kb5 46.Kb3
Kc6 47.Kb4 Kb6 48.a4 Kc6 49.a5 Kd6 50.Kb5 Kd7 51.Kc5 Ke6 52.a6   1-0

[Event "Oberbayerische Jugend-EM 2013/14  U14"]
[Site "Bairawies"]
[Date "2014.03.08"]
[Round "4"]
[White "Hashagen, Tim"]
[Black "Daoud, Marcel"]
[Result "1/2-1/2"]
[BlackElo "1737"]
[WhiteElo "1312"]

1.e4 e6 2.d4 d5 3.Nc3 dxe4 4.Nxe4 Bd7 5.Nf3 Bc6 6.Ng3 Nd7 7.Be2 Ngf6 8.O-O Bxf3 9.Bxf3
c6 10.c4 Nb6 11.b3 Be7 12.Bb2 O-O 13.Qd3 Qd7 14.Rad1 Rad8 15.Qc3 Qc8 16.Rfe1 Rfe8
17.Kf1 Bf8 18.Ne4 Be7 19.Ng3 Rd7 20.Kg1 Red8 21.Nf1 Ne8 22.Qe3 h6 23.Qe5 Bf6 24.Qf4
Qc7 25.Qe3 Bg5 26.Qc3 Qf4 27.Re4 Qc7 28.Ree1 Bf6 29.Qe3 Qb8 30.Ba1 Kh8 31.Ng3 Be7
32.Bh5 Kg8 33.Bf3 Nf6 34.Bc3 Na8 35.Bb2   1/2-1/2

[Event "Oberbayerische Jugend-EM 2013/14  U14"]
[Site "Bairawies"]
[Date "2014.03.08"]
[Round "4"]
[White "Yaroshenko, Yaroslav"]
[Black "Schuster, Alexander"]
[Result "1/2-1/2"]
[BlackElo "1232"]
[WhiteElo "1257"]

1.e4 e5 2.Nf3 Nc6 3.Bc4 Nf6 4.d3 Bc5 5.Nc3 d6 6.Be3 b6 7.Qd2 Be6 8.Bb3 Bxb3 9.axb3
d5 10.exd5 Nxd5 11.Bxc5 bxc5 12.O-O O-O 13.Rfe1 Re8 14.Ne4 Qe7 15.Rad1 Nd4 16.Nxd4
cxd4 17.c3 Rab8 18.b4 Nf6 19.Ng3 Ra8 20.Qe2 a5 21.bxa5 Rxa5 22.cxd4 Qd6 23.dxe5 Raxe5
24.Qd2 Rxe1+ 25.Rxe1 Rxe1+ 26.Qxe1 Qxd3 27.h3 h6 28.Qc1 Ne4 29.Nxe4 Qxe4 30.Kh2 Qe5+
31.Kg1 g6 32.f3   1/2-1/2

[Event "Oberbayerische Jugend-EM 2013/14  U14"]
[Site "Bairawies"]
[Date "2014.03.08"]
[Round "4"]
[White "Russakis, Anthimos"]
[Black "Beisenow, Dias"]
[Result "1-0"]
[BlackElo "1181"]
[WhiteElo "1217"]

1.d4 d5 2.Nf3 Nc6 3.e3 Bg4 4.Nbd2 e5 5.Be2 e4 6.Ne5 Nxe5 7.dxe5 Bxe2 8.Qxe2 c6 9.b3
Qg5 10.f4 exf3 11.Nxf3 Qd8 12.Bb2 Bb4+ 13.c3 Ba5 14.O-O Qb6 15.b4 Bxb4 16.cxb4 Qxb4
17.Qd2 Qb5 18.Nd4 Qb6 19.Nf5 Kf8 20.Nd6 Nh6 21.Qf2 Qc7 22.Ba3 Kg8 23.Qg3 Qd7 24.Rf6
Qg4 25.Qxg4 Nxg4 26.Rxf7 Nxe3 27.e6 Nc2 28.Bb2 d4 29.Rc1 Nb4 30.Re1 c5 31.e7 Re8
32.Ref1 h5 33.Rf8+ Rxf8 34.exf8=Q+ Kh7 35.Qf5+ g6 36.Qd7+ Kh6 37.Nf7+ Kg7 38.Nxh8+
Kxh8 39.Rf8#   1-0

[Event "Oberbayerische Jugend-EM 2013/14  U14"]
[Site "Bairawies"]
[Date "2014.03.08"]
[Round "4"]
[White "Ott, Joseph Sebastian"]
[Black "Kienle, Jan"]
[Result "1-0"]
[BlackElo "1279"]
[WhiteElo "1733"]

1.e4 c6 2.d4 d5 3.e5 Bf5 4.Bd3 Bxd3 5.Qxd3 e6 6.f4 Be7 7.Nf3 Nd7 8.O-O Qb6 9.Kh1 c5
10.c3 Nh6 11.b3 O-O-O 12.Ba3 Kb8 13.c4 dxc4 14.Qxc4 Rc8 15.Qa4 Rhd8 16.Nbd2 Nf5 17.Nc4
Qc6 18.Qxc6 Rxc6 19.Rfd1 Kc8 20.Rac1 Bf8 21.Ng5 cxd4 22.Nxf7 Re8 23.g4 Bxa3 24.Nxa3
Ne3 25.Rxc6+ bxc6 26.Rxd4 Kc7 27.Ra4 Kb8 28.h3 Nb6 29.Rd4 Ned5 30.Nc4 Rf8 31.Ng5
Nxf4 32.Nxh7 Rf7 33.Nd6 Ne2 34.Nxf7 Nxd4 35.Nf8 Kb7 36.Nd8+ Ka6 37.Nfxe6 Nxe6 38.Nxe6
g6 39.Nf8 Nd7 40.Nxd7 Kb7   1-0

[Event "Oberbayerische Jugend-EM 2013/14  U14"]
[Site "Bairawies"]
[Date "2014.03.08"]
[Round "4"]
[White "Meier, Jannik"]
[Black "Deppe, Martin"]
[Result "1-0"]
[BlackElo "1066"]
[WhiteElo "1042"]

1.e4 e5 2.Nf3 Nc6 3.Bb5 Nf6 4.Nc3 Bb4 5.d3 d5 6.Bd2 Bg4 7.h3 Bxf3 8.Qxf3 d4 9.Nd5
Bxd2+ 10.Kxd2 O-O 11.Nxf6+ Qxf6 12.Qxf6 gxf6 13.g3 Ne7 14.f4 c6 15.Bc4 b5 16.Bb3
a5 17.a4 Kh8 18.fxe5 fxe5 19.Rhf1 f5 20.exf5 Nxf5 21.g4 Ng3 22.Rxf8+ Rxf8 23.Re1
Rf2+ 24.Kd1 Rf1 25.Rxf1 Nxf1 26.Ke2 Ne3 27.Kf3 Kg7 28.Ke4 Kf6 29.c3 bxa4 30.Bxa4
dxc3 31.Kxe3 cxb2 32.Bc2 a4 33.Kf3 a3 34.Bb1 Ke6 35.Ke3 Kd5 36.h4 c5 37.g5 c4 38.h5
c3 39.g6 c2 40.Bxc2 a2 41.gxh7 a1=Q 42.h8=Q Qc1+ 43.Kf3 Qf1+ 44.Kg3 Qg1+ 45.Kf3 Qf1+
46.Kg4 Qf4+ 47.Kh3 Qf3+ 48.Kh4 Qf4+ 49.Kh3 Qf3+ 50.Kh2 Qf2+ 51.Kh3 Qf3+ 52.Kh2 Qf2+
53.Kh1 Qf1+ 54.Kh2 b1=Q 55.Bxb1 Qxb1 56.Qd8+ Kc5 57.Qc7+ Kd4 58.Qc4+ Ke3 59.Qe4+
Kf2 60.Qg2+ Ke3 61.Qg1+ Qxg1+ 62.Kxg1 Kxd3 63.h6 e4 64.h7 e3 65.h8=Q e2 66.Qd8+ Ke3
67.Qg5+ Kd3 68.Qg3+ Kd2 69.Qf4+ Kd1 70.Qd4+ Ke1 71.Qe3 Kd1 72.Kf2 e1=Q+ 73.Qxe1+
Kc2 74.Ke3 Kb2 75.Kd3 Ka2 76.Kc3 Ka3 77.Qa1#   1-0

[Event "Oberbayerische Jugend-EM 2013/14  U14"]
[Site "Bairawies"]
[Date "2014.03.08"]
[Round "5"]
[White "von Schlippe, Nikolai"]
[Black "Litzka, Richard"]
[Result "1-0"]
[BlackElo "1804"]
[WhiteElo "1751"]

1.e4 d5 2.exd5 Qxd5 3.Nc3 Qd6 4.Bc4 c6 5.Nf3 Bf5 6.O-O e6 7.d3 Nf6 8.Re1 Be7 9.Ne5
Nbd7 10.Bf4 Nxe5 11.Bxe5 Qd7 12.a4 O-O 13.Qe2 Rfd8 14.Rad1 Qe8 15.h3 Nd7 16.Bc7 Rdc8
17.Bh2 Bb4 18.f4 Nb6 19.Bb3 Nd5 20.Qf3 Nxc3 21.bxc3 Bxc3 22.g4 Bxe1 23.Rxe1 Qd7 24.gxf5
exf5 25.Kh1 Re8 26.Rg1 Re7 27.Bg3 Qd6 28.Bh4 Rd7 29.Be1 Qd4 30.Bf2 Qf6 31.Qh5 g6
32.Qf3 Kf8 33.Bc5+ Kg8 34.Qg3 Kh8 35.Re1 h5 36.Qe3 b6 37.Be7 Qg7 38.Bh4 Kg8 39.Qf3
Rc8 40.Re5 Qf8 41.Qg2 Kh7 42.Qe2 Rdc7 43.Bf6 Qh6 44.Qe3 Qf8 45.h4 Kh6 46.Kg2 Kh7
47.Qe2 Kh6 48.c3 Kh7 49.Bd1 Rd7 50.d4 Rdc7 51.Bc2 Kh6 52.Bxf5 gxf5 53.Rxf5 Kh7 54.Rxh5+
Kg6 55.Qe5   1-0